Volleyball World Championship Medals (Men) - Statistics

General Stats
  • This quiz has been taken 1,954 times
  • The average score is 11 of 15
Answer Stats
Gold Silver Bronze Answer % Correct
1 0 1 United States of America
96%
3 1 0 Brazil
95%
6 3 3 Russia/Soviet Union
94%
0 0 1 France
91%
3 1 0 Italy
91%
1 1 0 Poland
89%
0 0 2 Japan
87%
0 0 1 Argentina
81%
0 1 1 Serbia/Yugoslavia
78%
0 2 2 Cuba
62%
0 1 0 Netherlands
61%
0 1 4 Bulgaria
58%
2 4 0 Czech Republik/Czechoslovakia
52%
0 2 2 Romania
42%
1 0 0 East Germany
23%
No matching quizzes found
Score Distribution
Percent of People with Each Score
Percentile by Number Answered
Your Score History
You have not taken this quiz